[Event "Team Championship (men blitz)"]
[Site "Sochi"]
[Date "2017.10.05"]
[Round "14.30"]
[White "Granovskaya, Ekaterina"]
[Black "Popov, Ivan"]
[Result "0-1"]
[LiveChessVersion "1.4.8"]
[BlackElo "2607"]
[WhiteElo "1653"]

1. e4 {[%clk 0:03:03]} c6 {[%clk 0:03:03]} 2. d4 {[%clk 0:03:03]} d5
{[%clk 0:03:04]} 3. Nd2 {[%clk 0:03:04]} dxe4 {[%clk 0:03:05]} 4. Nxe4
{[%clk 0:03:05]} Nf6 {[%clk 0:03:06]} 5. Ng3 {[%clk 0:03:01]} h5 {[%clk 0:03:06]}
6. Bc4 {[%clk 0:02:51]} h4 {[%clk 0:03:02]} 7. N3e2 {[%clk 0:02:52]} h3
{[%clk 0:02:58]} 8. Nxh3 {[%clk 0:02:40]} Bxh3 {[%clk 0:02:58]} 9. gxh3
{[%clk 0:02:40]} e6 {[%clk 0:02:51]} 10. Bg5 {[%clk 0:02:28]} Qa5+
{[%clk 0:02:37]} 11. Bd2 {[%clk 0:02:25]} Qb6 {[%clk 0:02:16]} 12. Bc3
{[%clk 0:02:25]} Ne4 {[%clk 0:02:04]} 13. Qd3 {[%clk 0:02:21]} Nxc3
{[%clk 0:02:04]} 14. bxc3 {[%clk 0:02:16]} Nd7 {[%clk 0:02:04]} 15. Nf4
{[%clk 0:01:47]} O-O-O {[%clk 0:01:59]} 16. O-O {[%clk 0:01:47]} Ne5
{[%clk 0:01:42]} 17. Qe2 {[%clk 0:01:47]} Nxc4 {[%clk 0:01:43]} 18. Qxc4
{[%clk 0:01:47]} Qc7 {[%clk 0:01:41]} 19. Ng2 {[%clk 0:01:36]} Rxh3
{[%clk 0:01:39]} 20. f4 {[%clk 0:01:36]} Bd6 {[%clk 0:01:38]} 21. Rf2
{[%clk 0:01:31]} Rdh8 {[%clk 0:01:37]} 22. Kf1 {[%clk 0:01:03]} Rxh2
{[%clk 0:01:32]} 23. Ke2 {[%clk 0:01:00]} Bxf4 {[%clk 0:01:23]} 24. Rg1
{[%clk 0:00:51]} g5 {[%clk 0:01:03]} 25. Qd3 {[%clk 0:00:46]} f5 {[%clk 0:00:58]}
26. Qc4 {[%clk 0:00:40]} Qd6 {[%clk 0:00:53]} 27. Kf1 {[%clk 0:00:20]} Rh1
{[%clk 0:00:39]} 28. Re2 {[%clk 0:00:12]} Rxg1+ {[%clk 0:00:35]} 29. Kxg1
{[%clk 0:00:12]} Rh6 {[%clk 0:00:33]} 30. Nxf4 {[%clk 0:00:03]} Qxf4
{[%clk 0:00:32]} 31. Rxe6 {[%clk 0:00:03]} Qg3+ {[%clk 0:00:29]} 32. Kf1
{[%clk 0:00:05]} Qf3+ {[%clk 0:00:27]} 33. Ke1 {[%clk 0:00:05]} Rh1+
{[%clk 0:00:28]} 34. Kd2 {[%clk 0:00:06]} Rd1# {[%clk 0:00:29]} 0-1

[Event "Team Championship (men blitz)"]
[Site "Sochi"]
[Date "2017.10.05"]
[Round "14.31"]
[White "Kobalia, Mikhail"]
[Black "Ilyina, Lada"]
[Result "1-0"]
[LiveChessVersion "1.4.8"]
[BlackElo "1767"]
[WhiteElo "2568"]

1. e4 {[%clk 0:03:03]} e6 {[%clk 0:03:03]} 2. d3 {[%clk 0:03:04]} d5
{[%clk 0:03:04]} 3. Nd2 {[%clk 0:03:06]} Nf6 {[%clk 0:03:04]} 4. Ngf3
{[%clk 0:03:07]} c5 {[%clk 0:03:03]} 5. g3 {[%clk 0:03:08]} Nc6 {[%clk 0:03:03]}
6. Bg2 {[%clk 0:03:09]} Be7 {[%clk 0:03:04]} 7. O-O {[%clk 0:03:10]} b6
{[%clk 0:03:05]} 8. Re1 {[%clk 0:03:10]} Bb7 {[%clk 0:03:06]} 9. e5
{[%clk 0:03:05]} Nd7 {[%clk 0:03:06]} 10. Nf1 {[%clk 0:03:06]} Qc7
{[%clk 0:03:07]} 11. Qe2 {[%clk 0:03:06]} O-O-O {[%clk 0:03:07]} 12. c3
{[%clk 0:03:05]} Rdg8 {[%clk 0:03:00]} 13. d4 {[%clk 0:03:06]} g5
{[%clk 0:03:01]} 14. g4 {[%clk 0:03:03]} h5 {[%clk 0:02:58]} 15. h3
{[%clk 0:03:05]} Kb8 {[%clk 0:02:46]} 16. Ng3 {[%clk 0:03:05]} cxd4
{[%clk 0:02:20]} 17. cxd4 {[%clk 0:03:06]} Nb4 {[%clk 0:02:20]} 18. Be3
{[%clk 0:02:54]} hxg4 {[%clk 0:02:07]} 19. hxg4 {[%clk 0:02:55]} Ba6
{[%clk 0:02:07]} 20. Qd2 {[%clk 0:02:55]} Nd3 {[%clk 0:01:56]} 21. Reb1
{[%clk 0:02:48]} Kb7 {[%clk 0:01:03]} 22. Bf1 {[%clk 0:02:46]} Nb4
{[%clk 0:00:26]} 23. Rc1 {[%clk 0:02:46]} Qb8 {[%clk 0:00:23]} 24. Bxa6+
{[%clk 0:02:46]} Nxa6 {[%clk 0:00:23]} 25. Nh5 {[%clk 0:02:36]} f6
{[%clk 0:00:11]} 26. exf6 {[%clk 0:02:24]} Nxf6 {[%clk 0:00:08]} 27. Nxf6
{[%clk 0:02:22]} Bxf6 {[%clk 0:00:11]} 28. Kg2 {[%clk 0:02:16]} Rh7
{[%clk 0:00:07]} 29. Qc2 {[%clk 0:02:15]} Rgh8 {[%clk 0:00:06]} 30. Qc6#
{[%clk 0:02:15]} 1-0

[Event "Team Championship (men blitz)"]
[Site "Sochi"]
[Date "2017.10.05"]
[Round "14.32"]
[White "Nur-Mukhametova, Alisa"]
[Black "Motylev, Alexander"]
[Result "0-1"]
[LiveChessVersion "1.4.8"]
[BlackElo "2551"]
[WhiteElo "1744"]

1. e4 {[%clk 0:03:02]} c5 {[%clk 0:03:03]} 2. Nf3 {[%clk 0:03:03]} Nc6
{[%clk 0:03:04]} 3. c3 {[%clk 0:03:02]} d5 {[%clk 0:03:03]} 4. exd5
{[%clk 0:03:03]} Qxd5 {[%clk 0:03:04]} 5. d4 {[%clk 0:03:03]} Bf5
{[%clk 0:03:04]} 6. Be2 {[%clk 0:02:36]} cxd4 {[%clk 0:02:56]} 7. cxd4
{[%clk 0:02:36]} Bxb1 {[%clk 0:02:57]} 8. Rxb1 {[%clk 0:02:35]} e6
{[%clk 0:02:57]} 9. b3 {[%clk 0:02:28]} Bb4+ {[%clk 0:02:53]} 10. Bd2
{[%clk 0:02:12]} Qa5 {[%clk 0:02:52]} 11. Bxb4 {[%clk 0:02:01]} Qxb4+
{[%clk 0:02:53]} 12. Qd2 {[%clk 0:01:56]} Qxd2+ {[%clk 0:02:53]} 13. Kxd2
{[%clk 0:01:56]} O-O-O {[%clk 0:02:53]} 14. Rhc1 {[%clk 0:01:51]} Kb8
{[%clk 0:02:54]} 15. Kc3 {[%clk 0:01:45]} Nf6 {[%clk 0:02:55]} 16. Rd1
{[%clk 0:01:24]} Ne4+ {[%clk 0:02:53]} 17. Kb2 {[%clk 0:01:23]} Nxf2
{[%clk 0:02:53]} 18. Rf1 {[%clk 0:01:18]} Ne4 {[%clk 0:02:53]} 19. Rbd1
{[%clk 0:01:15]} f6 {[%clk 0:02:40]} 20. Bc4 {[%clk 0:00:57]} Rhe8
{[%clk 0:02:40]} 21. Rfe1 {[%clk 0:00:46]} f5 {[%clk 0:02:41]} 22. Re2
{[%clk 0:00:19]} h6 {[%clk 0:02:22]} 23. h3 {[%clk 0:00:18]} a6 {[%clk 0:01:56]}
24. a4 {[%clk 0:00:15]} Rd6 {[%clk 0:01:48]} 25. g4 {[%clk 0:00:13]} Red8
{[%clk 0:01:48]} 26. gxf5 {[%clk 0:00:08]} exf5 {[%clk 0:01:48]} 27. d5
{[%clk 0:00:06]} Ne7 {[%clk 0:01:43]} 28. Nh4 {[%clk 0:00:05]} g6
{[%clk 0:01:34]} 29. Nf3 Nxd5 {[%clk 0:01:31]} 30. Ne5 {[%clk 0:00:04]} Nf4
{[%clk 0:01:27]} 31. Rxd6 {[%clk 0:00:04]} Rxd6 {[%clk 0:01:25]} 32. Rh2
{[%clk 0:00:04]} g5 {[%clk 0:01:22]} 33. h4 {[%clk 0:00:04]} g4 {[%clk 0:01:22]}
34. Bf1 {[%clk 0:00:04]} g3 {[%clk 0:01:21]} 35. Rc2 {[%clk 0:00:04]} Nd2
{[%clk 0:01:17]} 36. Rc1 {[%clk 0:00:04]} g2 {[%clk 0:01:05]} 37. Bxg2
{[%clk 0:00:03]} Nxg2 {[%clk 0:01:06]} 38. Rg1 {[%clk 0:00:04]} Nxh4
{[%clk 0:01:03]} 39. Nc4 {[%clk 0:00:04]} Nxc4+ {[%clk 0:01:03]} 40. bxc4
{[%clk 0:00:05]} Nf3 {[%clk 0:01:04]} 41. Rg8+ {[%clk 0:00:05]} Ka7
{[%clk 0:01:05]} 42. Kc3 {[%clk 0:00:05]} Ne5 {[%clk 0:01:04]} 43. c5
{[%clk 0:00:05]} Rd3+ {[%clk 0:01:05]} 44. Kb4 {[%clk 0:00:06]} a5+
{[%clk 0:00:56]} 45. Kb5 {[%clk 0:00:05]} Rb3+ {[%clk 0:00:56]} 46. Kxa5
{[%clk 0:00:05]} Nc6# {[%clk 0:00:57]} 0-1

[Event "Team Championship (men blitz)"]
[Site "Sochi"]
[Date "2017.10.05"]
[Round "15.2"]
[White "Andreikin, Dmitry"]
[Black "Babayan, Arman S."]
[Result "1-0"]
[LiveChessVersion "1.4.8"]
[BlackElo "1752"]
[WhiteElo "2787"]

1. d4 {[%clk 0:03:03]} d5 {[%clk 0:03:03]} 2. Nf3 {[%clk 0:03:03]} Nf6
{[%clk 0:03:04]} 3. c4 {[%clk 0:03:04]} e6 {[%clk 0:03:04]} 4. g3
{[%clk 0:03:06]} Be7 {[%clk 0:03:04]} 5. Bg2 {[%clk 0:03:07]} O-O
{[%clk 0:03:04]} 6. b3 {[%clk 0:03:05]} b6 {[%clk 0:03:02]} 7. O-O
{[%clk 0:03:05]} Bb7 {[%clk 0:03:03]} 8. cxd5 {[%clk 0:03:02]} exd5
{[%clk 0:03:01]} 9. Nc3 {[%clk 0:03:01]} c5 {[%clk 0:02:50]} 10. Bb2
{[%clk 0:02:56]} Nc6 {[%clk 0:02:28]} 11. e3 {[%clk 0:02:53]} Rc8
{[%clk 0:02:28]} 12. Bh3 {[%clk 0:02:54]} Rb8 {[%clk 0:02:00]} 13. Rc1
{[%clk 0:02:54]} Ne4 {[%clk 0:01:05]} 14. Bg2 {[%clk 0:02:40]} Nxc3
{[%clk 0:00:59]} 15. Bxc3 {[%clk 0:02:40]} cxd4 {[%clk 0:00:40]} 16. Nxd4
{[%clk 0:02:39]} Nxd4 {[%clk 0:00:21]} 17. Bxd4 {[%clk 0:02:39]} Rc8
{[%clk 0:00:08]} 18. Qg4 {[%clk 0:02:17]} Rxc1 {[%clk 0:00:04]} 19. Qxg7#
{[%clk 0:02:16]} 1-0

[Event "Team Championship (men blitz)"]
[Site "Sochi"]
[Date "2017.10.05"]
[Round "15.3"]
[White "Zhakamukhov, Eduard"]
[Black "Rublevsky, Sergei"]
[Result "0-1"]
[LiveChessVersion "1.4.8"]
[BlackElo "2643"]
[WhiteElo "1900"]

1. e4 {[%clk 0:03:03]} c5 {[%clk 0:03:03]} 2. Nf3 {[%clk 0:03:04]} e6
{[%clk 0:03:05]} 3. d4 {[%clk 0:03:03]} cxd4 4. Nxd4 {[%clk 0:03:04]} a6
{[%clk 0:03:07]} 5. Nc3 {[%clk 0:03:02]} Qc7 {[%clk 0:03:07]} 6. Nb3
{[%clk 0:03:00]} b5 {[%clk 0:03:04]} 7. Bd3 {[%clk 0:02:59]} Bb7 {[%clk 0:03:05]}
8. O-O {[%clk 0:02:58]} Nf6 {[%clk 0:03:05]} 9. a3 {[%clk 0:02:58]} d6
{[%clk 0:03:02]} 10. Re1 {[%clk 0:02:57]} Nbd7 {[%clk 0:03:02]} 11. Bg5
{[%clk 0:02:49]} Be7 {[%clk 0:03:01]} 12. h3 {[%clk 0:02:34]} O-O
{[%clk 0:02:52]} 13. Nd2 {[%clk 0:02:27]} Rfe8 {[%clk 0:02:48]} 14. Bf4
{[%clk 0:02:21]} Rac8 {[%clk 0:02:44]} 15. Qe2 {[%clk 0:01:51]} Nc5
{[%clk 0:02:17]} 16. e5 {[%clk 0:01:13]} Qc6 {[%clk 0:02:00]} 17. f3
{[%clk 0:01:04]} dxe5 {[%clk 0:01:46]} 18. Bxe5 {[%clk 0:01:02]} Red8
{[%clk 0:01:34]} 19. Rad1 {[%clk 0:00:37]} Nxd3 {[%clk 0:01:33]} 20. cxd3
{[%clk 0:00:38]} Nd7 {[%clk 0:01:06]} 21. d4 {[%clk 0:00:29]} Nxe5
{[%clk 0:01:04]} 22. dxe5 {[%clk 0:00:29]} Bh4 {[%clk 0:00:59]} 23. Rf1
{[%clk 0:00:25]} Be7 {[%clk 0:00:52]} 24. Nde4 {[%clk 0:00:21]} h6
{[%clk 0:00:48]} 25. Rxd8+ {[%clk 0:00:17]} Rxd8 {[%clk 0:00:49]} 26. Rd1
{[%clk 0:00:17]} Qb6+ {[%clk 0:00:47]} 27. Kh2 {[%clk 0:00:15]} Qc7
{[%clk 0:00:29]} 28. Rxd8+ {[%clk 0:00:12]} Qxd8 {[%clk 0:00:30]} 29. Qd2
{[%clk 0:00:06]} Qxd2 {[%clk 0:00:31]} 30. Nxd2 {[%clk 0:00:07]} Bg5
{[%clk 0:00:32]} 31. Nb3 {[%clk 0:00:04]} Bf4+ {[%clk 0:00:32]} 32. g3
{[%clk 0:00:04]} Bxe5 {[%clk 0:00:33]} 33. Nc5 {[%clk 0:00:05]} Bc8
{[%clk 0:00:29]} 34. N3e4 {[%clk 0:00:07]} f5 {[%clk 0:00:25]} 35. Nc3
{[%clk 0:00:05]} Kf7 {[%clk 0:00:24]} 36. Nd3 {[%clk 0:00:06]} Bd4
{[%clk 0:00:24]} 37. Ne2 {[%clk 0:00:06]} Bf6 {[%clk 0:00:24]} 38. b3
{[%clk 0:00:05]} Ke7 {[%clk 0:00:24]} 39. Kg2 {[%clk 0:00:04]} Kd6
{[%clk 0:00:25]} 40. f4 {[%clk 0:00:04]} Bb7+ {[%clk 0:00:26]} 41. Kf2
{[%clk 0:00:05]} Bd5 {[%clk 0:00:24]} 42. b4 {[%clk 0:00:05]} Bc4
{[%clk 0:00:24]} 43. Nec1 {[%clk 0:00:05]} Bd4+ {[%clk 0:00:24]} 44. Kf3
{[%clk 0:00:05]} g5 {[%clk 0:00:24]} 45. fxg5 {[%clk 0:00:06]} hxg5
{[%clk 0:00:25]} 46. g4 {[%clk 0:00:07]} Bd5+ {[%clk 0:00:25]} 47. Ke2
{[%clk 0:00:07]} f4 {[%clk 0:00:25]} 48. Ne1 {[%clk 0:00:06]} Bf6
{[%clk 0:00:21]} 49. Ncd3 {[%clk 0:00:04]} e5 {[%clk 0:00:21]} 50. Nc5
{[%clk 0:00:06]} e4 {[%clk 0:00:21]} 51. Nxa6 {[%clk 0:00:07]} Bc4+
{[%clk 0:00:22]} 52. Kf2 {[%clk 0:00:06]} Bd4+ {[%clk 0:00:22]} 53. Kg2
{[%clk 0:00:06]} Be2 {[%clk 0:00:22]} 54. Nc2 {[%clk 0:00:04]} f3+
{[%clk 0:00:17]} 55. Kg3 {[%clk 0:00:05]} f2 {[%clk 0:00:14]} 0-1

[Event "Team Championship (men blitz)"]
[Site "Sochi"]
[Date "2017.10.05"]
[Round "15.4"]
[White "Shirov, Alexei"]
[Black "Grigoriants, Boris"]
[Result "1-0"]
[LiveChessVersion "1.4.8"]
[BlackElo "1912"]
[WhiteElo "2670"]

1. e4 {[%clk 0:03:03]} e5 {[%clk 0:02:59]} 2. Nf3 {[%clk 0:03:04]} Nc6
{[%clk 0:03:00]} 3. Bb5 {[%clk 0:03:05]} a6 {[%clk 0:03:01]} 4. Ba4
{[%clk 0:03:06]} Nf6 {[%clk 0:03:01]} 5. O-O {[%clk 0:03:06]} b5 {[%clk 0:03:00]}
6. Bb3 {[%clk 0:03:07]} Be7 {[%clk 0:03:01]} 7. a4 {[%clk 0:02:59]} b4
{[%clk 0:02:46]} 8. d4 {[%clk 0:02:41]} d6 {[%clk 0:02:00]} 9. dxe5
{[%clk 0:02:36]} dxe5 {[%clk 0:02:00]} 10. Bd5 {[%clk 0:02:37]} Bb7
{[%clk 0:01:12]} 11. c4 {[%clk 0:02:30]} bxc3 {[%clk 0:00:27]} 12. Nxc3
{[%clk 0:02:05]} Qd6 {[%clk 0:00:21]} 13. Bxf7+ {[%clk 0:01:41]} Kxf7
{[%clk 0:00:14]} 14. Qb3+ {[%clk 0:01:42]} Ke8 {[%clk 0:00:07]} 15. Qxb7
{[%clk 0:01:40]} Rd8 {[%clk 0:00:08]} 16. Qxa6 {[%clk 0:01:37]} Ng4
{[%clk 0:00:05]} 17. h3 {[%clk 0:01:26]} Nf6 {[%clk 0:00:07]} 18. Nb5
{[%clk 0:01:18]} 1-0

[Event "Team Championship (men blitz)"]
[Site "Sochi"]
[Date "2017.10.05"]
[Round "15.5"]
[White "Chekletsov, Ilya"]
[Black "Artemiev, Vladislav"]
[Result "0-1"]
[LiveChessVersion "1.4.8"]
[BlackElo "2729"]
[WhiteElo "2147"]

1. d4 {[%clk 0:03:02]} Nf6 {[%clk 0:03:02]} 2. c4 {[%clk 0:03:03]} g6
{[%clk 0:03:02]} 3. Nc3 {[%clk 0:03:04]} d5 {[%clk 0:03:03]} 4. Bg5
{[%clk 0:03:05]} Ne4 {[%clk 0:03:04]} 5. Bh4 {[%clk 0:03:06]} Nxc3
{[%clk 0:03:03]} 6. bxc3 {[%clk 0:03:07]} dxc4 {[%clk 0:03:04]} 7. e3
{[%clk 0:03:07]} Be6 {[%clk 0:03:04]} 8. Be2 {[%clk 0:03:07]} Nd7
{[%clk 0:03:03]} 9. Nf3 {[%clk 0:03:08]} Nb6 {[%clk 0:03:02]} 10. O-O
{[%clk 0:03:06]} Bh6 {[%clk 0:02:54]} 11. a4 {[%clk 0:02:58]} a5 {[%clk 0:02:54]}
12. e4 {[%clk 0:02:53]} O-O {[%clk 0:02:49]} 13. Nd2 {[%clk 0:02:51]} Qe8
{[%clk 0:02:33]} 14. d5 {[%clk 0:02:36]} Bd7 {[%clk 0:02:32]} 15. Nxc4
{[%clk 0:02:31]} Nxa4 {[%clk 0:02:32]} 16. Qd4 {[%clk 0:02:20]} Bg7
{[%clk 0:02:06]} 17. e5 {[%clk 0:02:17]} b5 {[%clk 0:02:07]} 18. Ne3
{[%clk 0:02:18]} c5 {[%clk 0:02:07]} 19. dxc6 {[%clk 0:01:34]} Bxc6
{[%clk 0:02:08]} 20. Rfd1 {[%clk 0:01:31]} Rd8 {[%clk 0:01:45]} 21. Qxd8
{[%clk 0:01:05]} Qxd8 {[%clk 0:01:46]} 22. Rxd8 {[%clk 0:01:06]} Rxd8
{[%clk 0:01:46]} 23. Bxe7 {[%clk 0:01:03]} Re8 {[%clk 0:01:44]} 24. Bf6
{[%clk 0:01:00]} Bxf6 {[%clk 0:01:41]} 25. exf6 {[%clk 0:01:01]} Nxc3
{[%clk 0:01:42]} 26. Bxb5 {[%clk 0:00:34]} Bxb5 {[%clk 0:01:34]} 27. Rxa5
{[%clk 0:00:35]} Bd7 {[%clk 0:01:15]} 28. h3 {[%clk 0:00:20]} Kf8
{[%clk 0:01:02]} 29. Rc5 {[%clk 0:00:21]} Ne4 {[%clk 0:01:03]} 30. Rc7
{[%clk 0:00:16]} Nxf6 {[%clk 0:01:02]} 31. Ra7 {[%clk 0:00:16]} Be6
{[%clk 0:01:01]} 32. Rc7 {[%clk 0:00:16]} Ra8 {[%clk 0:00:59]} 33. Rc1
{[%clk 0:00:12]} Ra2 {[%clk 0:01:00]} 0-1

[Event "Team Championship (men blitz)"]
[Site "Sochi"]
[Date "2017.10.05"]
[Round "15.7"]
[White "Berezovics, Alexander"]
[Black "Timofeev, Artyom"]
[Result "0-1"]
[LiveChessVersion "1.4.8"]
[BlackElo "2619"]
[WhiteElo "2212"]

1. d4 {[%clk 0:03:02]} d5 {[%clk 0:03:03]} 2. Nf3 {[%clk 0:03:02]} Nf6
{[%clk 0:03:04]} 3. Bf4 {[%clk 0:02:57]} e6 {[%clk 0:03:04]} 4. e3
{[%clk 0:02:55]} c5 {[%clk 0:03:05]} 5. c3 {[%clk 0:02:54]} Bd6 {[%clk 0:03:04]}
6. Bg3 {[%clk 0:02:27]} O-O {[%clk 0:02:55]} 7. Nbd2 {[%clk 0:02:27]} b6
{[%clk 0:02:55]} 8. Ne5 {[%clk 0:02:18]} Bb7 {[%clk 0:02:53]} 9. Bd3
{[%clk 0:02:16]} Nc6 {[%clk 0:02:51]} 10. f4 {[%clk 0:02:02]} Ne7
{[%clk 0:02:51]} 11. Bh4 {[%clk 0:01:51]} Ne4 {[%clk 0:02:50]} 12. O-O
{[%clk 0:01:26]} f6 {[%clk 0:02:50]} 13. Nef3 {[%clk 0:01:23]} c4
{[%clk 0:02:45]} 14. Bc2 {[%clk 0:01:11]} b5 {[%clk 0:02:46]} 15. Qe2
{[%clk 0:00:55]} Nf5 {[%clk 0:02:42]} 16. Be1 {[%clk 0:00:50]} Be7
{[%clk 0:02:43]} 17. g4 {[%clk 0:00:48]} Nfd6 {[%clk 0:02:44]} 18. a4
{[%clk 0:00:27]} a6 {[%clk 0:02:44]} 19. Nxe4 {[%clk 0:00:15]} dxe4
{[%clk 0:02:43]} 20. Nd2 {[%clk 0:00:14]} Bd5 {[%clk 0:02:43]} 21. Bg3
{[%clk 0:00:09]} f5 {[%clk 0:02:43]} 22. g5 {[%clk 0:00:06]} Qb6 {[%clk 0:02:39]}
23. Rfb1 {[%clk 0:00:00]} Rfb8 {[%clk 0:02:39]} 0-1

[Event "Team Championship (men blitz)"]
[Site "Sochi"]
[Date "2017.10.05"]
[Round "15.8"]
[White "Sharafiev, Azat"]
[Black "Chekletsov, Egor"]
[Result "1-0"]
[LiveChessVersion "1.4.8"]
[BlackElo "1913"]
[WhiteElo "2459"]

1. Nf3 {[%clk 0:03:03]} Nf6 {[%clk 0:03:03]} 2. c4 {[%clk 0:03:04]} c5
{[%clk 0:03:04]} 3. g3 {[%clk 0:03:04]} g6 {[%clk 0:03:05]} 4. Bg2
{[%clk 0:03:05]} Bg7 {[%clk 0:03:05]} 5. d4 {[%clk 0:03:06]} cxd4
{[%clk 0:03:05]} 6. Nxd4 {[%clk 0:03:07]} Nc6 {[%clk 0:03:06]} 7. Nc3
{[%clk 0:03:08]} O-O {[%clk 0:03:05]} 8. O-O {[%clk 0:03:08]} Nxd4
{[%clk 0:03:05]} 9. Qxd4 {[%clk 0:03:09]} d6 {[%clk 0:03:06]} 10. Bg5
{[%clk 0:03:02]} h6 {[%clk 0:02:50]} 11. Bd2 {[%clk 0:03:02]} a6 {[%clk 0:02:40]}
12. Rac1 {[%clk 0:02:56]} Ng4 {[%clk 0:02:21]} 13. Qf4 {[%clk 0:02:42]} Ne5
{[%clk 0:02:17]} 14. b3 {[%clk 0:02:39]} Nc6 {[%clk 0:02:13]} 15. Rfd1
{[%clk 0:02:30]} Be6 {[%clk 0:02:03]} 16. Be3 {[%clk 0:02:26]} Qc8
{[%clk 0:01:37]} 17. Na4 {[%clk 0:02:14]} g5 {[%clk 0:01:38]} 18. Qe4
{[%clk 0:02:14]} Bf5 {[%clk 0:01:38]} 19. Qd5 {[%clk 0:02:11]} Be6
{[%clk 0:01:25]} 20. Qd2 {[%clk 0:02:10]} Qc7 {[%clk 0:01:25]} 21. h4
{[%clk 0:02:00]} gxh4 {[%clk 0:01:01]} 22. Bxh6 {[%clk 0:02:00]} f6
{[%clk 0:00:39]} 23. gxh4 {[%clk 0:01:50]} Kh7 {[%clk 0:00:39]} 24. Bxg7
{[%clk 0:01:49]} Kxg7 {[%clk 0:00:39]} 25. Rc3 {[%clk 0:01:42]} Kf7
{[%clk 0:00:38]} 26. Rg3 {[%clk 0:01:38]} Rh8 {[%clk 0:00:36]} 27. Qf4
{[%clk 0:01:38]} Ne5 {[%clk 0:00:29]} 28. Nc3 {[%clk 0:01:36]} Rag8
{[%clk 0:00:29]} 29. Nd5 {[%clk 0:01:32]} Bxd5 {[%clk 0:00:29]} 30. Bxd5+
{[%clk 0:01:31]} e6 {[%clk 0:00:28]} 31. Bg2 {[%clk 0:01:29]} Rxg3
{[%clk 0:00:22]} 32. fxg3 {[%clk 0:01:26]} Ke7 {[%clk 0:00:16]} 33. Qe4
{[%clk 0:01:07]} b6 {[%clk 0:00:11]} 34. Qb7 {[%clk 0:01:06]} Qxb7
{[%clk 0:00:10]} 35. Bxb7 {[%clk 0:01:07]} a5 {[%clk 0:00:11]} 36. Bf3
{[%clk 0:00:59]} Nxf3+ 37. exf3 {[%clk 0:01:00]} f5 {[%clk 0:00:11]} 38. Kf2
{[%clk 0:00:58]} e5 {[%clk 0:00:12]} 39. Rd5 {[%clk 0:00:53]} Kd7
{[%clk 0:00:09]} 40. f4 {[%clk 0:00:48]} Ke6 {[%clk 0:00:06]} 41. Kf3
{[%clk 0:00:44]} e4+ {[%clk 0:00:05]} 42. Kf2 {[%clk 0:00:45]} Rg8
{[%clk 0:00:05]} 43. Rb5 {[%clk 0:00:45]} Rb8 {[%clk 0:00:05]} 44. Ke3
{[%clk 0:00:41]} Kf6 {[%clk 0:00:06]} 45. h5 {[%clk 0:00:35]} Ke6
{[%clk 0:00:05]} 46. h6 {[%clk 0:00:35]} Rh8 {[%clk 0:00:06]} 47. Rxb6
{[%clk 0:00:35]} Rxh6 {[%clk 0:00:07]} 48. c5 {[%clk 0:00:36]} Kd7
{[%clk 0:00:04]} 49. Rxd6+ {[%clk 0:00:35]} Rxd6 {[%clk 0:00:05]} 50. cxd6
{[%clk 0:00:36]} Kxd6 {[%clk 0:00:05]} 51. Kd4 {[%clk 0:00:36]} Kc6
{[%clk 0:00:05]} 52. a3 {[%clk 0:00:36]} Kb6 {[%clk 0:00:05]} 53. g4
{[%clk 0:00:35]} fxg4 {[%clk 0:00:05]} 54. Kxe4 {[%clk 0:00:36]} 1-0

[Event "Team Championship (men blitz)"]
[Site "Sochi"]
[Date "2017.10.05"]
[Round "15.9"]
[White "Ponomarenko, Alexandr"]
[Black "Dubov, Daniil"]
[Result "0-1"]
[LiveChessVersion "1.4.8"]
[BlackElo "2775"]
[WhiteElo "2214"]

1. e4 {[%clk 0:03:02]} g6 {[%clk 0:02:59]} 2. d4 {[%clk 0:03:03]} d6
{[%clk 0:03:00]} 3. Nc3 {[%clk 0:03:04]} Bg7 {[%clk 0:03:02]} 4. Be3
{[%clk 0:03:05]} a6 {[%clk 0:03:03]} 5. Qd2 {[%clk 0:03:06]} b5 {[%clk 0:03:04]}
6. a3 {[%clk 0:03:07]} Nd7 {[%clk 0:03:03]} 7. g3 {[%clk 0:03:04]} c5
{[%clk 0:02:56]} 8. Bg2 {[%clk 0:03:02]} Bb7 {[%clk 0:02:53]} 9. d5
{[%clk 0:02:57]} Nb6 {[%clk 0:02:51]} 10. Bf1 {[%clk 0:02:26]} Nf6
{[%clk 0:02:36]} 11. f3 {[%clk 0:02:14]} h5 {[%clk 0:02:30]} 12. Nh3
{[%clk 0:02:06]} Nfd7 {[%clk 0:02:29]} 13. Bf4 {[%clk 0:01:55]} Ne5
{[%clk 0:02:27]} 14. Bxe5 {[%clk 0:01:53]} Bxe5 {[%clk 0:02:27]} 15. Nf2
{[%clk 0:01:32]} Bg7 {[%clk 0:02:22]} 16. Ncd1 {[%clk 0:01:23]} Bc8
{[%clk 0:02:05]} 17. c3 {[%clk 0:01:15]} e6 {[%clk 0:02:05]} 18. Ne3
{[%clk 0:01:12]} O-O {[%clk 0:01:54]} 19. Be2 {[%clk 0:01:06]} Re8
{[%clk 0:01:51]} 20. O-O {[%clk 0:00:56]} exd5 {[%clk 0:01:47]} 21. Nxd5
{[%clk 0:00:51]} Bb7 {[%clk 0:01:46]} 22. Nxb6 {[%clk 0:00:46]} Qxb6
{[%clk 0:01:47]} 23. Nd1 {[%clk 0:00:41]} d5 {[%clk 0:01:40]} 24. exd5
{[%clk 0:00:32]} c4+ {[%clk 0:01:41]} 25. Kg2 {[%clk 0:00:24]} Rad8
{[%clk 0:01:41]} 26. Nf2 {[%clk 0:00:18]} Rxd5 {[%clk 0:01:19]} 27. Qc2
{[%clk 0:00:19]} Rde5 {[%clk 0:01:10]} 28. Bd1 {[%clk 0:00:18]} Re3
{[%clk 0:01:09]} 29. Ne4 {[%clk 0:00:15]} R3xe4 {[%clk 0:01:09]} 0-1

[Event "Team Championship (men blitz)"]
[Site "Sochi"]
[Date "2017.10.05"]
[Round "15.10"]
[White "Morozevich, Alexander"]
[Black "Esipenko, Aleksandr"]
[Result "1-0"]
[LiveChessVersion "1.4.8"]
[BlackElo "2042"]
[WhiteElo "2642"]

1. g3 {[%clk 0:03:02]} d5 {[%clk 0:03:03]} 2. Bg2 {[%clk 0:03:03]} Nf6
{[%clk 0:03:04]} 3. Nf3 {[%clk 0:03:04]} Bf5 {[%clk 0:03:05]} 4. d3
{[%clk 0:03:05]} e6 {[%clk 0:03:05]} 5. Nh4 {[%clk 0:03:05]} Bg4 {[%clk 0:03:05]}
6. h3 {[%clk 0:03:06]} Bh5 {[%clk 0:03:06]} 7. g4 {[%clk 0:03:07]} Nfd7
{[%clk 0:03:07]} 8. Nf3 {[%clk 0:02:36]} Bg6 {[%clk 0:03:07]} 9. b3
{[%clk 0:02:22]} Be7 {[%clk 0:02:54]} 10. Bb2 {[%clk 0:02:23]} O-O
{[%clk 0:02:52]} 11. e3 {[%clk 0:02:16]} a5 {[%clk 0:02:47]} 12. a4
{[%clk 0:02:17]} Na6 {[%clk 0:02:46]} 13. Nc3 {[%clk 0:02:12]} Nb4
{[%clk 0:02:42]} 14. Ne2 {[%clk 0:02:13]} h6 {[%clk 0:02:22]} 15. O-O
{[%clk 0:02:08]} c5 {[%clk 0:02:16]} 16. Nf4 {[%clk 0:02:08]} Bh7
{[%clk 0:02:14]} 17. Nh5 {[%clk 0:02:05]} Nf6 {[%clk 0:02:05]} 18. Ng3
{[%clk 0:02:06]} Bd6 {[%clk 0:01:24]} 19. Ne5 {[%clk 0:02:03]} Nd7
{[%clk 0:01:17]} 20. Nxd7 {[%clk 0:01:57]} Qxd7 {[%clk 0:01:18]} 21. Nh5
{[%clk 0:01:58]} e5 {[%clk 0:01:08]} 22. e4 {[%clk 0:01:55]} d4 {[%clk 0:00:54]}
23. Bc1 {[%clk 0:01:54]} Qe7 {[%clk 0:00:44]} 24. Ng3 {[%clk 0:01:50]} g5
{[%clk 0:00:27]} 25. Nf5 {[%clk 0:01:45]} Bxf5 {[%clk 0:00:24]} 26. exf5
{[%clk 0:01:45]} Nc6 {[%clk 0:00:25]} 27. Be4 {[%clk 0:01:42]} Qf6
{[%clk 0:00:22]} 28. Kg2 {[%clk 0:01:43]} Kg7 {[%clk 0:00:22]} 29. Rh1
{[%clk 0:01:44]} Rh8 {[%clk 0:00:22]} 30. Bd2 {[%clk 0:01:42]} Bc7
{[%clk 0:00:15]} 31. h4 {[%clk 0:01:40]} Rad8 {[%clk 0:00:12]} 32. Rh3
{[%clk 0:01:36]} Rh7 {[%clk 0:00:12]} 33. Qf3 {[%clk 0:01:35]} Rdh8
{[%clk 0:00:10]} 34. Rah1 {[%clk 0:01:36]} Bd8 {[%clk 0:00:10]} 35. Kf1
{[%clk 0:01:32]} Bc7 {[%clk 0:00:11]} 36. Ke2 {[%clk 0:01:32]} Bd8
{[%clk 0:00:11]} 37. R1h2 {[%clk 0:01:32]} Bc7 {[%clk 0:00:11]} 38. Qh1
{[%clk 0:01:33]} 1-0